1980 1703 1395 1297 1906 1778 1168 1304 1222 1302 1317 1356 1859 1555 1421 1781 1768 1634 1823 1630 1095 1499 1267 1311 1843 1831 1022 1342 1129 1606 1784 1951 1872 1715 1516 1422 1751 1876 1724 1508 1802 1726 1525 1705 1964 1204 1698 1299 1739 1263 1357 1866 1606 1126 1930 1895 1974 1555 1689 1152 1570 1400 1510 1837 1713 1504 1785 1178 1111 1720 1940 1772 1235 1410 1585 1576 1919 1422 1675 1678 1359 1457 1551 1534 1940 1704 1868 1792 1802 1026 1764 1541 1579 1111 1222 1641 1971 1725 1734 BCNSPRNW ULIB Ver.6.0+V

เปลี่ยนเป็นภาษาไทย

Change to English
 แสดงรายละเอียดบรรณานุกรม
  กลับหน้าหลัก

Brief Record : Get Marc (ISO 2709) : E-mail record : QR code < ปิดหน้าต่าง
LEADER : 00000nam 2200000uu 4500
001    13399114839
003     ULIB
008    110627s2555||||th 000 0 tha d
090    นว.^b
100 0  คณิตยา
245 00 คนบ้ารัก/^c
250    พิมพ์ครั้งที่ 1
260    กรุงเทพฯ :^b,^c2555-
300    269 หน้า
945    ^p0^l0^i021031
945    ^p350^l0^i021030
995    ทศพร
999 ^a ใช้งานได้ทุกระบบ
รายการนี้ยังไม่มีแท็ก
คุณยังไม่ได้ล็อกอิน คุณสามารถมีกิจกรรมร่วมกับเว็บไซต์ได้ แต่ต้องล็อกอินก่อน ::
  ล็อกอิน

รายการสื่อสารสนเทศ

ลำดับที่ ประเภท เลขเรียก/บาร์โค้ด สถานที่ สถานะ
1. นวนิยาย
นวนิยาย
นว. ฉ.1 
  Barcode: 021031
ห้องสมุดวิทยาเขตสวรรค์ประชารักษ์
►นวนิยาย
บนชั้น
  ขอยืม

รายการใกล้เคียง
    ผู้แต่ง [คณิตยา]

BibComment


ยังไม่เคยถูกคอมเมนท์

คอมเมนท์ทรัพยากรรายการนี้
  คอมเมนท์: คนบ้ารัก


 Copyright 2026. Bcnsprnw @Library